01295nam a2200181Ia 450000500170000000800410001704000700005804100080012808200120013610000380014824500670018626000520025330000280030550002650033350504690059850600210106765000250108820240315151736.0190509s1927 ck fr spa  aCo-BoUCMbspacSandra Yazo (modificó)dSandra Yazo (modificó) aspa04a34222010aConcha, José Vicented1867-192910aApuntamientos de derecho constitucionalcJosé Vicente Concha aBogotá (Colombia)bLibrería Americanac1927 a307 paginasc18 x 13 cm aDetalles físicos: Encuadernación flexible en cartón forrado en tela. Guardas, la delantera con anotaciones y dibujo a lápiz. Portada impresa en una sola tinta. Texto impreso en una sola columnas. Faltante de páginas 291-298. Papel manchado, suciedad. aPrólogo ; Preliminares ; La constitución o la ley fundamental ; De la soberanía nacional ; De las formas de gobierno ; Del gobierno directo - Iniciativa y referéndum ; De la separación de los poderes públicos ; Del régimen representativo ; De la atribución del poder legislativo a dos cámaras ; Del gobierno de Gabinete ; De las funciones de la Cámara legislativa ; Del poder Ejecutivo ; Del poder judicial ; Del Consejo de Estado o legislativo aConsulta en sala04aTeoría del derecho